Ten Dimensional Universe Or the Surrender (Record no. 11206)

MARC details
000 -LEADER
fixed length control field 00645nam a2200253 a 4500
020 ## - INTERNATIONAL STANDARD BOOK NUMBER
ISBN
082 00 - DEWEY DECIMAL CLASSIFICATION NUMBER
Classification number 121.2
Author Cutter NAM
100 ## - MAIN ENTRY--AUTHOR NAME
Author name Nambi, Manickam
245 ## - TITLE STATEMENT
Title Ten Dimensional Universe Or the Surrender
260 ## - PUBLICATION, DISTRIBUTION, ETC. (IMPRINT)
Place of publication Tamil Nadu
Name of publisher Manickam Nambi
Year of publication 1994
300 ## - PHYSICAL DESCRIPTION
Number of Pages 92p
500 ## - GENERAL NOTE
General note includes index and biblioraphy
505 2# - FORMATTED CONTENTS NOTE
Formatted contents note Back Notes
650 ## - SUBJECT ADDED ENTRY--TOPICAL TERM
Topical Term Knowledge-Philosophy
650 ## - SUBJECT ADDED ENTRY--TOPICAL TERM
Topical Term Philosophy-Theory of Knowledge
942 ## - ADDED ENTRY ELEMENTS (KOHA)
Koha item type Books
700 1# -
-- Nambi, Manickam
Holdings
Collection code Home library Current library Date acquired Cost, normal purchase price Full call number Accession Number Koha item type
  Henry Martyn Institute Library Henry Martyn Institute Library 03/15/2007 100.00 121.2 NAM 015358 Books
                   Copyright © 2026 | Henry Martyn Institute | Hyderabad | TS-500052 | INDIA | Implemented by hmi.edu.in
Hit-Count:

Powered by Koha